[Event "Capablanca Memorial Elite 37th"]
[Site "Havana"]
[Date "2002.05.12"]
[Round "7"]
[White "Nataf, Igor Alexandre"]
[Black "Stefansson, Hannes"]
[Result "1-0"]
[WhiteElo "2567"]
[BlackElo "2598"]
[Annotator "Tyomkin,D"]
[PlyCount "53"]
[EventDate "2002.05.06"]
[EventType "tourn"]
[EventRounds "9"]
[EventCountry "CUB"]
[EventCategory "13"]
[SourceTitle "CBM 089"]
[Source "ChessBase"]
[SourceDate "2002.08.12"]
[SourceVersion "1"]
[SourceVersionDate "2002.08.12"]
[SourceQuality "1"]

1. e4 c5 2. Nf3 d6 3. d4 cxd4 4. Nxd4 Nf6 5. Nc3 Nc6 6. Bg5 e6 7. Qd2 Be7 8.
O-O-O Nxd4 9. Qxd4 O-O 10. f4 Qa5 11. Kb1 Rd8 12. h4 h6 13. Bd3 (13. Be2 {
Gofshtein,L} Bd7 14. Qe3 Rac8 {'!' Anand. Anand: 'Now Black is harmoniously
developed - an exchange sacrifice is threatened.'} 15. Rd3 $5 (15. e5 $2 {
The threat of Rc1 isn't going anywhere. Friso resigned.. 0-1 Nijboer,F-Anand,V/
Wijk aan Zee 1998/CBM 63/[Anand] (36) Anand}) (15. g4 {Anand} Rxc3 16. bxc3 Rc8
$44) 15... Qc5 $2 (15... Bc6 {Gofshtein,L}) 16. Qxc5 $1 Rxc5 (16... dxc5 $6 {
Gofshtein,L} 17. e5 hxg5 18. hxg5 $16) 17. e5 $1 {1-0 Stripunsky,A-Hracek,Z/
New York 1998/CBM 64/[Gofshtein,L] (47)}) 13... e5 {13...Bd7 of Anand looks as
the best solution for black;} (13... Kf8 $6 14. Qe3 Qb6 15. Qf3 Bd7 16. e5 hxg5
17. hxg5 Ng8 18. Rh8 dxe5 $2 19. Bh7 Ke8 20. g6 $1 $18 Bf6 21. fxe5 Ke7 22. Ne4
fxg6 23. Bxg8 {1-0 Smirnov,P-Sherbakov,R/Samara 2000/CBM 78 (23)}) (13... Bd7
$142 {(Anand) Shirov and I transposed into this position and as you can see
from the game, the resource Rxd3 saved Black.} 14. e5 dxe5 15. fxe5 Bc6 16. Qf4
Nh5 17. Qg4 Rxd3 $1 (17... hxg5 $2 {(Anand) Wrong order} 18. Qxh5 Rxd3 19. hxg5
$1 $18) 18. Rxd3 hxg5 19. Qxh5 gxh4 (19... g6 $1 $15 {(Anand) Topalov and
Kramnik felt afterwards that Black was even better.}) 20. Rd4 g6 21. Rg4 Qc5 $1
{Keeping an eye on g1} (21... Bf6 $2 {Anand} 22. Rxg6+ fxg6 23. Qxg6+ Bg7 24.
Qxe6+ $18) 22. Rf1 Bf6 {Now that White doesn't have Rh4 later.} 23. Rxg6+ fxg6
24. Qxg6+ Bg7 {1/2-1/2 Shirov,A-Anand,V 6th Amber Rapid 1997}) 14. Qe3 $14 exf4
$146 (14... Bg4 15. Be2 exf4 16. Bxf4 Be6 17. Bf3 Bf8 18. Qd2 Qa6 19. Nd5 Bxd5
20. exd5 $14 {1/2-1/2 Pavlov,M-Maximov,D/Alushta 2001/EXT 2002 (63). (62)}) 15.
Bxf4 Be6 16. Nd5 Nxd5 $5 {It leads to some material disbalance, while other
continuations would lead to white's advantage anyhow;} (16... Bxd5 17. exd5 Re8
18. Bxh6 $5 (18. Qf3 Nxd5 19. Bd2 Qc5 20. g4 $36 {[%cal Gg4g5]}) 18... Nxd5 (
18... gxh6 19. Qxh6 $18 {[%cal Gd1f1,Yf1f6]}) 19. Qg3 Bf6 20. Bc4 $14 {[%cal
Gc4b3]}) (16... Re8 17. Nxe7+ Rxe7 18. a3 $14 {white has some edge based on
pair of bishops advantage;}) 17. exd5 Bxd5 {[%mdl 64]} 18. Qxe7 (18. c4 Be6 $8
19. Qe4 Kf8 $1 (19... g6 20. Bxh6 $14 {[%cal Gh4h5]} (20. h5 d5 $1)) (19... Bf6
{-same as 19..Kf8;}) 20. Qh7 Bf6 21. Rhf1 $1 {[%cal Rf4h6]} (21. Rhe1 Qb4 $132)
(21. Bxd6+ $2 Rxd6 22. Qh8+ Ke7 23. Qxa8 Qb4 $19) 21... Qb4 22. Rd2 $14 {
[%csl Rf8][%cal Gg2g4,Gg4g5] black king is still the target;}) 18... Qxa2+ 19.
Kc1 Qa1+ 20. Kd2 Qa5+ $6 {For some unknown result, obvious 20...Qxb2 was
declined;} (20... Qxb2 $142 21. Rb1 Qd4 (21... Qa3 $2 22. Bxh6 $1 gxh6 23. Rh3
{[%cal Rd3h7,Gh3g3]}) 22. Qe3 $14 {white is better in the middlegame and in
the endgame as well;}) 21. c3 Be6 {Time to make some inferences: black hasn't
achieved enough compensation for the sacrificied piece;} 22. h5 (22. Rhe1 {
[%cal Re1e6]} Qa2 23. Rxe6 (23. Qxb7 $5) 23... Qxe6 24. Qxe6 $14) 22... b5 $2 {
missing the following tactical blow;} (22... Qa2 $142 {creating some threats,
but white is clearly better here too;}) 23. Bxh6 $1 {[%mdl 64] No. One} gxh6
24. Rh3 $1 {[%cal Gh3g3][%mdl 64] and No. Two! Not very difficult but pretty;}
Bxh3 25. gxh3 Qb6 26. Bh7+ $4 {[%mdl 64] 26.Rf1 could win the game at once;} (
26. Rf1 Rf8 27. Rf4 Qd8 $8 28. Rg4+ Kh8 29. Qe3 {[%cal Re3h6]} Qf6 30. Qe4 $18
{[%cal Re4h7]}) 26... Kh8 27. Qf6+ {Unfortunately, me and Fritz 7 (and in
"Fritz we trust" ;-)), we couldn't find any win for white here.....} (27. Qf6+
Kxh7 28. Qxf7+ Kh8 29. Qf6+ Kg8 30. Qg6+ Kh8 31. Qxh6+ Kg8 32. Qg6+ Kh8 33.
Qf6+ (33. Rf1 Rf8 $8 $11) 33... Kg8 34. h6 Rd7 35. Qe6+ Kh8 36. Qxd7 Qf2+ {
and it's ver close to perpetual;}) 1-0

[Event "Yangon Zaw Win Lay Memorial"]
[Site "Yangon"]
[Date "2014.11.26"]
[Round "6"]
[White "Venkatesh, Marani Rajendran"]
[Black "Short, Nigel D"]
[Result "1-0"]
[WhiteElo "2477"]
[BlackElo "2661"]
[Annotator "Venkatesh,M"]
[PlyCount "39"]
[EventDate "2014.11.24"]
[EventType "swiss"]
[EventRounds "9"]
[EventCountry "MYA"]
[SourceTitle "EXT 2016"]
[Source "ChessBase"]
[SourceDate "2015.10.08"]
[SourceVersion "1"]
[SourceVersionDate "2015.10.08"]
[SourceQuality "1"]

{It was the third day of double round and I did not have much time to prepare
and anyway it's difficult to prepare for Short because he plays more number of
openings e5, c5 and c6. I was expecting 1...e5.} 1. e4 c5 2. Nf3 d6 3. d4 cxd4
4. Nxd4 Nf6 5. Nc3 Nc6 6. Bg5 {Both of us were spending quite some for each
and every move in the opening itself because we did not have any particular
line in mind before the game. Hence, we had to decide over the board as to
which line is to be chosen.} e6 7. Qd2 Be7 8. O-O-O O-O 9. f4 Nxd4 10. Qxd4 Qa5
11. h4 h6 12. Qe3 Rd8 (12... Ng4 13. Qg3 f6 {was the game Shirov-Greenfeld in
which the black player won. But after} 14. Qxg4 fxg5 15. g3 $14 {White seems
to be doing well.} (15. hxg5 $2 Rxf4 $1)) 13. Be2 Kf8 14. Kb1 d5 $6 15. e5 ({
Equally good is} 15. Bxf6 Bxf6 16. e5 Be7 {I wanted black's knight to be on e7
instead of bishop (check the variation below). Here Black might sacrifice his
d5 pawn with d4, opening up the position and creating counter chances.} 17. Nb5
$1 {with the idea of putting my knight on d4 and start rolling my kingside
pawns.}) 15... hxg5 (15... d4 16. exf6 dxe3 17. fxe7+ $18) (15... Ng8 16. Bxe7+
Nxe7 17. Nb5 {I will get the blockade on d4 and can start rolling pawns on the
kingside. Now I thought sacrificing d-pawn won't be so effective as with dark
squared bishop in the given 15.Bxf6 variation.}) 16. hxg5 Ng8 17. Rh8 Bb4 (
17... Bc5 18. Qh3 Ke7 19. Qh7 Bd7 20. Qxg7 $18) (17... d4 18. Qh3 dxc3 19.
Rxg8+ Kxg8 20. Rh1 f5 21. g6 $18) 18. Nb5 Bd7 (18... a6 $142 19. Nd4 {white
has too many attacking possibilities such as Qd3-Qh7, Nb3 and a3, f5 & g6.
Hence, I thought white should be close to winning.}) 19. a3 Be7 (19... Bxb5 20.
axb4 Qxb4 21. Bxb5 Qxb5 22. Qa3+ Ke8 23. Rxg8+ Kd7 24. Qd6+ $18) 20. Rdh1 {
The idea is to take on g8 and play Qh3 which leads to checkmate!} 1-0

[Event "Ptuj zt"]
[Site "Ptuj"]
[Date "1995.??.??"]
[Round "2"]
[White "Luther, Thomas"]
[Black "Wach, Markus"]
[Result "1-0"]
[WhiteElo "2550"]
[BlackElo "2385"]
[Annotator "Wahls,M"]
[PlyCount "103"]
[EventDate "1995.04.??"]
[EventType "tourn"]
[EventRounds "15"]
[EventCountry "SLO"]
[EventCategory "10"]
[SourceTitle "CBM 047"]
[Source "ChessBase"]
[SourceDate "1995.08.01"]
[SourceVersion "1"]
[SourceVersionDate "1995.08.01"]
[SourceQuality "1"]

1. e4 c5 2. Nf3 d6 3. d4 cxd4 4. Nxd4 Nf6 5. Nc3 Nc6 6. Bg5 e6 7. Qd2 Be7 8.
O-O-O O-O 9. f4 Nxd4 10. Qxd4 Qa5 11. Qd2 $5 {Eine interessante Alternative
zur Hauptvariante 11.Lc4.Weiß überdeckt den Lg5.so daß nach 11..Ld7 das Motiv
e4-e5 an Kraft gewinnt.Auch liegt als Folge des vorbereitenden Kb1 die
Möglichkeit Sc3-d5 in der Luft.} (11. Bc4 Bd7 12. e5 dxe5 13. fxe5 Bc6 14. Bd2
Nd7 15. Nd5 Qd8 16. Nxe7+ Qxe7 17. Rhe1) 11... h6 (11... Bd7 $2 12. Kb1 $1 (12.
e5 {(wahrscheinlich gut genug,aber nicht so klar wie die Variante B)} dxe5 13.
Bxf6 (13. fxe5 Qxe5 14. Bxf6 Bxf6 15. Qxd7 Rfd8 16. Qb5) 13... Bxf6 14. Qxd7
exf4 15. Ne4 (15. Bc4 $5 Bxc3 16. bxc3 Qxc3 (16... Rfd8 17. Qe7) 17. Qd4) 15...
Bxb2+ 16. Kxb2 Qb4+ 17. Kc1 Qa3+) 12... Bc6 $2 (12... Qc7 $2 13. e5) (12... Qb6
$6 13. e5 dxe5 14. fxe5 (14. Bxf6 Bxf6 15. Qxd7 exf4 16. Na4) 14... Ba3 15. Qc1
Nd5 16. Nxd5 exd5 17. Rxd5 Bc6 18. Rd3) (12... h6 13. Bxf6 (13. Bh4 Nxe4) (13.
Nd5 Qxd2 14. Nxe7+ Kh8 15. Rxd2 Nxe4) 13... Bxf6 14. e5 dxe5 15. Qxd7 exf4 16.
Qb5 Bxc3 17. bxc3 Qxc3 18. Bd3) 13. Nd5 Qd8 14. Nxe7+ Qxe7 15. e5 dxe5 16. fxe5
) 12. h4 (12. Bh4 $2 Nxe4 13. Nxe4 Qxd2+ 14. Rxd2 Bxh4 15. Nxd6 Rd8 $10) 12...
b5 (12... Nxe4 $2 13. Nxe4 Qxd2+ 14. Rxd2 hxg5 15. hxg5 {Trotz des reduzierten
Materials ist die Gefahr eines Mattangriffs noch nicht völlig gebannt.} f5 (
15... d5 16. g3 f5 17. g6 Rf6 18. Nxf6+ Bxf6 19. Rdh2 Kf8 20. Rh8+ Ke7 21. c4
d4 22. Bg2 $18) 16. Nxd6 Rd8 17. Nxf5 Rxd2 18. Nxe7+ Kf7 19. Kxd2 Bd7 20. Rh7
Re8 21. f5 Rxe7 22. f6 Kg8 23. g6 gxf6 24. Rxe7 {1-0 Averbach-Fridstein/Corrs.
- 946 1951}) (12... hxg5 $6 {Diessieht gefährlich aus,und wurde wohl aus
diesem Grunde noch nicht gespielt.} 13. hxg5 Ne8 $2 (13... Nd7 $2 14. g3 f5 15.
g6) (13... g6 14. gxf6 (14. g4 $6 Nxg4 15. Qg2 Nf6 16. gxf6 Bxf6 17. Qh3 Rd8
18. Qh7+ Kf8) (14. Qf2 $5 {Vielleicht ist dies stärker als der sofortige
Figurenrückgewinn.} Nh5 15. g4 Nxf4 (15... Ng7 16. Qh2 f6 (16... f5 $2 17. gxf5
$18) 17. f5 $1 $40) 16. Qh2 Nh5 17. gxh5 Bxg5+ 18. Kb1 Qe5 19. Qxe5 (19. Qh3 $1
$40 gxh5 20. Qxh5 Rd8 (20... Qg7 21. e5 dxe5 22. Ne4 f6 23. Rg1) 21. Rg1 f6 22.
Rh1) 19... dxe5 20. hxg6 fxg6 21. Rg1 Bf4 22. Rxg6+ Kf7 23. Rg4 Rh8 24. Ne2)
14... Bxf6 15. Bc4 Qb4 16. Qd3 d5 17. exd5 exd5) 14. g3 f5 15. g6 $18) 13. Kb1
(13. Bxb5 Rb8 14. Bd3 (14. a4 Ba6 15. Kb1 Bxb5 16. axb5 Nxe4 17. Nxe4 Qxb5 18.
c4 Qxc4 19. Bxe7 Qxe4+ 20. Qc2 Rxb2+ 21. Kxb2 Rb8+ 22. Kc1 Qe3+ 23. Rd2 Qa3+
24. Kd1 Qa1+ 25. Ke2 Qxh1 26. Kf2 d5 {1/2-1/2 Zagorovsky-Ilivitsky,Georgy/
Soviet Union 1951}) 14... d5 15. Bxf6 Bxf6 16. e5 Be7 17. Nb1 Qxa2 18. Qc3 Bd7
19. Bc4 Qa4 {0-1 Pisek-Matanovic/Yugoslavia 1956}) (13. Bd3 b4 14. Nb1 Ba6 15.
Qe2 Bxd3 16. Rxd3 Rfc8 17. Bxf6 Bxf6 18. Rxd6 Qxa2 19. e5 Be7 20. Rd7 Bf8 21.
Rhd1 b3 22. c3 a5 23. f5 a4 24. f6 a3 25. fxg7 Rxc3+ 26. Nxc3 axb2+ 27. Kd2
b1=Q+ 28. Nxa2 bxa2 29. gxf8=Q+ Kxf8 30. Rxf7+ Kxf7 31. Qf3+ Kg7 32. Qxa8 Qb2+
33. Ke1 Qc3+ 34. Kf1 {1-0 Rodrigues,A-Tsuboi,Edson Kenji/Porto Alegre ch-BR 
(10) 1990}) 13... b4 14. Bxf6 Bxf6 15. Nb5 d5 $1 (15... e5 16. f5 d5 17. Qxd5
Bxf5 18. exf5 Rad8 19. Nd6 Rxd6 20. Qxd6 Rd8 21. Qxd8+ Bxd8 22. Bc4 Qc7 23. Bb3
Bf6 24. Rhe1 Bxh4 25. Re4 Be7 26. g4 a5 27. Bd5 Bc5 28. Rc4 Kf8 29. c3 Qa7 30.
Bc6 Qb6 31. cxb4 axb4 32. Ba4 Bd4 33. Rdc1 Qa5 34. Bb3 Bb6 35. Rc6 Ke7 36. f6+
{1-0 Dubinin-Schlieder/cr 1969}) 16. e5 (16. exd5 $6 exd5 $2 (16... Rd8 $1 17.
d6 Rb8) 17. Nd6 Bg4 (17... Rd8 18. Nxc8 $1 (18. Qxd5 Qxd5 19. Rxd5 Be7 (19...
Bb7 20. Rd3 (20. Rd2 Be7 21. Nc4 Rxd2 22. Nxd2 Rd8) 20... Ba6 21. Rd2 Bxf1 22.
Rxf1 Bxh4) 20. Nxc8 Raxc8 21. Rxd8+ Rxd8 22. Bd3) 18... Raxc8 19. g4 $36 Rb8 (
19... g6 20. g5 Bc3 21. Qf2 h5 22. Bh3 Rb8 23. f5) (19... b3 20. axb3 $16) 20.
g5 Bc3 21. Qd3 h5 22. g6 fxg6 23. Qxg6 (23. Bg2)) 18. Qxd5 Qxd5 19. Rxd5 Rfd8
20. Rd3) 16... Be7 {Wir haben es jetzt mit einer Französischstruktur zu tun,in
der Schwarz über gute Ausgleichschanchen verfügt.} 17. Nd4 (17. Rh3 Ba6 (17...
Qb6) 18. Ra3 Qb6 19. Rxa6 Qxa6 20. Nc7 Qb6 $10) 17... Qb6 18. g4 Bc5 {Durch
den bevorstehenden Generalabtausch werden die weißen Angriffsaussichten auf
null reduziert.} 19. Be2 Bxd4 (19... a5) 20. Qxd4 Qxd4 21. Rxd4 a5 22. Rh3 (22.
g5 Ba6 23. Bg4) (22. a3 bxa3 23. b3 a4 24. b4 Ba6 25. b5 Rab8 26. Rb4 Rfc8)
22... Ba6 {Nach dem Tausch des schlechten Läufers ist füf Schwarz das Gröbste
überstanden.Entzieht sich der weiße Läufer diesem Abtausch,so wird er selber
schlecht.} 23. Bxa6 Rxa6 24. a3 f6 $2 (24... bxa3 25. Rxa3 {Weiß besitz zwar
in dem Bauern a5 ein klares Angriffsziel,seine verwundbaren Königsflügelbauern
jedoch lassen ihm keinen Grund zur Euphorie.} Rc8 $1 26. Rda4 (26. c3 Rc5 (
26... f6) 27. Kc2 f6 $132) (26. b4 Rca8) 26... Rac6 $1 {Für den Verteidiger
lautet in Turmendspielen der Grundsatz : stets (aktives) Gegenspiel suchen.}
27. c3 (27. Rxa5 Rxc2 28. Ra8 Kf8 29. R3a7 R2c4) 27... Rc4 28. Kc2 f6 $1 29.
exf6 gxf6 30. g5 Kg7) 25. exf6 Rxf6 26. axb4 axb4 27. Rxb4 $16 {Der Mehrbauer
sichert dem Weißen einen klaren Vorteil.} e5 28. Rf3 (28. f5 h5 29. Re3) 28...
h5 29. g5 Rf5 30. Re3 Rxf4 31. Rxf4 exf4 32. Re5 g6 33. Rxd5 f3 34. Rd3 Ra4 35.
Rxf3 Rxh4 36. b3 Rg4 37. c4 Rxg5 38. b4 h4 39. b5 Rg3 40. Rf1 h3 41. Kb2 h2 42.
b6 Rg2+ 43. Kb3 Rg3+ 44. Ka4 Rg2 45. c5 Rb2 46. Rh1 Kf7 47. Ka3 Rb5 48. Rxh2
Rxc5 49. b7 Rb5 50. Rb2 Rxb7 51. Rxb7+ Kf6 52. Rb5 1-0

[Event "Bundesliga 0203"]
[Site "Germany"]
[Date "2003.02.08"]
[Round "10.7"]
[White "Voekler, Bernd"]
[Black "Meins, Gerlef"]
[Result "0-1"]
[WhiteElo "2382"]
[BlackElo "2436"]
[Annotator "Wells,P"]
[PlyCount "82"]
[EventDate "2002.10.19"]
[EventType "team-tourn"]
[EventRounds "15"]
[EventCountry "GER"]
[SourceTitle "CBM 094"]
[Source "ChessBase"]
[SourceDate "2003.05.26"]
[SourceVersion "1"]
[SourceVersionDate "2003.05.26"]
[SourceQuality "1"]
[WhiteTeam "Erfurt"]
[BlackTeam "Werder Bremen"]
[WhiteTeamCountry "GER"]
[BlackTeamCountry "GER"]

1. e4 c5 2. Nf3 Nc6 3. d4 cxd4 4. Nxd4 Nf6 5. Nc3 d6 6. Bg5 e6 7. Qd2 Be7 8.
O-O-O Nxd4 9. Qxd4 O-O 10. f4 Qa5 11. Bd3 h6 12. h4 Rd8 13. Kb1 Bd7 14. Qe3 Bc6
15. e5 dxe5 16. fxe5 Ng4 $1 {[%mdl 8]} (16... Rxd3 $4 17. Rxd3 hxg5 18. hxg5
Bxg2 19. gxf6 Bxh1 20. Qg1 {1-0 Shirov,A-Anand,V/Monte Carlo 1998/EXP 63 (20)})
17. Qe2 (17. Qf4 hxg5 18. hxg5 Qb4 $1) (17. Qg3 hxg5 18. hxg5 Qxe5 19. Qxg4
Qxg5 20. Qh3 Qh6) 17... hxg5 18. Qxg4 Qxe5 19. Rde1 Qd4 20. Qh5 g6 21. Bxg6 Qg7
$1 22. Bd3 gxh4 23. Rhg1 Rd4 24. Ne4 Rad8 25. g3 R8d5 26. Qe2 h3 27. Qh2 Re5
28. Nf2 Rxe1+ 29. Rxe1 Rb4 30. Nd1 Bg2 31. g4 Rxg4 32. Qc7 Bf8 33. a3 Rg3 34.
Nf2 h2 35. Be4 Bxe4 36. Rxe4 Rg1+ 37. Ka2 h1=Q 38. Nxh1 Rxh1 39. Qxb7 Qg1 40.
Rf4 Qb1+ 41. Kb3 Rh3+ 0-1

[Event "Hoogeveen Essent op"]
[Site "Hoogeveen"]
[Date "2005.10.27"]
[Round "7"]
[White "Spoelman, Wouter"]
[Black "Wells, Peter K"]
[Result "0-1"]
[WhiteElo "2362"]
[BlackElo "2513"]
[Annotator "Wells,P"]
[PlyCount "144"]
[EventDate "2005.10.21"]
[EventType "swiss"]
[EventRounds "9"]
[EventCountry "NED"]
[SourceTitle "CBM 109"]
[Source "ChessBase"]
[SourceDate "2005.11.14"]
[SourceVersion "1"]
[SourceVersionDate "2005.11.14"]
[SourceQuality "1"]

1. e4 c5 2. Nf3 Nc6 3. d4 cxd4 4. Nxd4 Nf6 5. Nc3 d6 6. Bg5 e6 7. Qd2 Be7 8.
O-O-O O-O 9. f4 Nxd4 10. Qxd4 Qa5 11. Bc4 Bd7 12. e5 dxe5 13. fxe5 Bc6 14. Bd2
Nd7 15. Nd5 Qd8 16. Nxe7+ Qxe7 17. Rhe1 Rfd8 18. Qg4 Nf8 19. Bd3 Rd5 ({To my
mind tougher than the old move} 19... Rxd3 {That of course is also a move
carrying a powerful message about the strength of the light-squared bishop,
but for my taste either further simplification or a White bishop still able to
land on d6 are not what I am looking for when trying to prove compensation.
After the text, the rook is, I believe, not so vulnerable as it looks!}) 20.
Bb4 Qd8 21. Qg3 Ng6 22. c4 Rd7 23. Bxg6 {An unusual and interesting
clarification which my young opponent had tried before and seems to believe in.
From the bishop pair to opposite coloured bishops, but the h-file does carry
some dangers for Black and of course the bishop on d6 is at least visually
impressive.} hxg6 {[%cal Gh3h8]} 24. Bd6 Qa5 25. Kb1 b5 $1 {Correct I believe.
Black doesn't fear the further bolstering of the bishop on d6. In the first
place its entrenchment comes at a certain cost to its mobility. Also the c6
bishop feels increasingly secure.} 26. c5 {[%csl Yb8,Yd6,Yf8][%cal Yd6f8,Yd6b8,
Gc6g2,Ga5b4,Gb4h4]} Qb4 $5 {[%cal Ga7a4] I have written about this position at
very great length in the text and do not wish to repeat myself here. It was
the very freedom to make this efficient move which alerted me to the negative
aspects of White's d6 bishop, but I claim no more than balanced chances. Sadly,
in a couple of moves White blundered a pawn which rather changes the nature of
the play. However, matters were still by no means clear...} 27. Ka1 a5 28. Re2
$2 Qxc5 29. Red2 Qc4 30. Rd4 Qc2 31. R4d2 Qc4 32. Rd4 Qe2 33. R4d2 Qe4 34. Re1
Qf5 35. Rf2 Qh5 36. Rc1 Bd5 37. h4 b4 38. Qg5 $1 $132 f6 $1 $138 {exchange on
g5 would be quite risky. This is one ending in which the bishop on d6 would be
a huge and uncontroversial asset for White.} 39. Qg3 f5 40. Qg5 Kf7 $6 41. Rfc2
Rad8 (41... b3 $5 $13) 42. b3 Kg8 43. Rf2 $2 Ra8 $1 44. Rfc2 a4 45. Rc8+ Rxc8
46. Rxc8+ Kh7 47. Qxh5+ gxh5 48. g3 axb3 49. axb3 Ra7+ 50. Kb2 Ra3 51. Rc3 $8
bxc3+ 52. Kxa3 g5 $1 (52... c2 53. Kb2 Bxb3 54. Be7 {would lead to a very
tough blockade to shift!}) 53. hxg5 Kg6 54. Be7 c2 55. Kb2 Bxb3 56. Kc1 Ba4 57.
Kd2 f4 58. gxf4 h4 59. Bc5 Kf5 60. Bg1 Kxf4 61. g6 Be8 62. g7 Bf7 63. Bh2+ Kf3
64. Kxc2 h3 65. Kd3 Kg2 66. Bf4 h2 67. Bxh2 Kxh2 68. Kd4 Kg3 69. Kc5 Kf4 70.
Kd6 Bg8 71. Ke7 Kxe5 72. Kf8 Bh7 0-1